ロード中...

Ruby For Rails

書誌詳細
第一著者: Black , David A
フォーマット: Printed Book
出版事項: Dream Tech 2006
主題:
LEADER 00412nam a2200133 4500
082 |a 005.72 
100 |a Black , David A  
245 |a Ruby For Rails  |c David A Black   |h [Text] 
260 |b Dream Tech  |c 2006 
300 |a Paper back 
650 0 |a Java 
942 |c BK 
999 |c 83770  |d 83770 
952 |0 0  |1 0  |4 0  |6 005_133000000000000_P6  |7 0  |9 76031  |a SOCS  |b SOCS  |d 2015-06-11  |g 175.00  |l 0  |o 005.133 P6  |p SOCS3076  |r 2015-06-11  |w 2015-06-11  |y BK